Estadísticas para Cultura General #5

Haz click aquí para intentar la prueba.

Estadísticas generales

  • Esta prueba ha sido intentada 3.956 veces
  • La puntuación promedio es 8 de 20

Estadísticas de respuestas

PreguntaRespuesta% Correcto
¿Qué ciudad era la sede de los primeros Juegos Olímpicos modernos en 1896?Atenas
83%
Si se nace el 1 de Agosto, ¿qué signo se tiene?Leo
81%
Por casi toda la saga de Harry Potter, ¿quién fue director de Hogwarts?Albus Dumbledore
69%
En Super Mario Brothers, ¿quién es el enemigo de Mario?Bowser
63%
¿ABBA y Celine Dion han ganado qué competición musical internacional?Eurovisión
62%
¿Qué país insular comparte su nombre con una ciudad andaluza?Granada
59%
¿En qué deporte era perfecta Nadia Comăneci?Gimnasia
50%
Sin incluir territorios de ultramar, ¿cuál es el país más meridional del mundo?Chile
46%
¿Cómo se llama más comúnmente la ciudad que ha tenido el nombre oficial de Mumbai desde 1995?Bombay
44%
¿Quién escribió Los Miserables?Victor Hugo
42%
Si algo es "prêt-à-porter," ¿qué se puede hacer con ello inmediatamente?Llevarlo
36%
¿Qué otro nombre tiene la nota musical fa sostenido?Sol bemol
31%
Muchas ciudades en Alemania tienen un U-Bahn. ¿Qué es?Metro
28%
¿Cuáles son los dos estados observadores de la ONU que no son miembros actuales?Palestina
24%
¿Cuáles son los dos estados observadores de la ONU que no son miembros actuales?Ciudad del Vaticano
16%
¿De qué se trata la mixología?Cócteles
15%
¿Qué formación geográfica también se conoce como Ayers Rock?Uluru
14%
Aparte del sol, ¿qué estrella aparece la más brillante desde la Tierra?Sirio
12%
¿Qué arquitecto diseñó el Museo Guggenheim en Nueva York?Frank Lloyd Wright
9%
¿Qué músico murió en un accidente aéreo junto con Buddy Holly y the Big Bopper?Ritchie Valens
8%

Distribución de puntuación

Porcentaje por número respondido

Porcentaje de gente con cada puntuación

Historial de tus puntuaciones

No has intentado esta prueba.